00859 2200313 4500001002100000005001500021035002000036007000300056008004100059040001700100100000900117245006500126250001000191300003400201020002200235041000800257082001000265084001600275090002100291260003600312650003300348700002900381850001000410990002500420990002500445990002500470990002500495990002500520INLIS00000000000201520260603114524 a0010-0120000458ta260603 0  aSBPUPADbind0 aYuki1 aAksesori Cantik untuk Anak /cYuki; Penyunting: Rhein Fathia aCet.1 aiv, 79 hlm. :bilus. ;c23 cm a978-602-8453-77-6 aind a746.4 a746.4 YUK a a746.4 YUK a 23-6 aJakarta :bKriya Pustaka,c2012 4aMenggambar dan Seni Dekorasi aPenyunting: Rhein Fathia aPUPAD a30.652/APBD/DPK/2019 a30.651/APBD/DPK/2019 a30.654/APBD/DPK/2019 a30.653/APBD/DPK/2019 a30.654/APBD/DPK/2019